Statistiques concernant Pays où le premier album de Christine And the Queens s'est classé

Cliquez ici pour prendre le quiz!

Statistiques générales

  • Ce quiz a été pris 12 fois
  • Le résultat moyen est 7 sur 9

Statistiques - réponses

Position dans les chartsPays% Correct
1Belgique
100%
48 (Billboard Top Rock Album)États Unis
100%
2France
100%
2Royaume Uni
100%
7Suisse
92%
25Pays Bas
75%
1Irlande
67%
8Australie
58%
8Nouvelle Zélande
42%

Distribution des résultats

Percentile par nombre de réponses

% des personnes avec chaque résultat

Votre développement - résultats

Vous n’avez pas pris ce quiz